<?xml version="1.0" encoding="UTF-8"?>
<record
    xmlns:xsi="http://www.w3.org/2001/XMLSchema-instance"
    xsi:schemaLocation="http://www.loc.gov/MARC21/slim http://www.loc.gov/standards/marcxml/schema/MARC21slim.xsd"
    xmlns="http://www.loc.gov/MARC21/slim">

  <leader>00605nam a22001937a 4500</leader>
  <datafield tag="999" ind1=" " ind2=" ">
    <subfield code="c">178919</subfield>
    <subfield code="d">178919</subfield>
  </datafield>
  <controlfield tag="005">20210429120840.0</controlfield>
  <datafield tag="010" ind1=" " ind2=" ">
    <subfield code="a">UR-11107</subfield>
  </datafield>
  <datafield tag="020" ind1=" " ind2=" ">
    <subfield code="c">250.00</subfield>
    <subfield code="a">-</subfield>
  </datafield>
  <datafield tag="035" ind1=" " ind2=" ">
    <subfield code="a">U-9662</subfield>
  </datafield>
  <datafield tag="037" ind1=" " ind2=" ">
    <subfield code="b">DBAD/PUB</subfield>
  </datafield>
  <datafield tag="082" ind1=" " ind2=" ">
    <subfield code="a">440</subfield>
  </datafield>
  <datafield tag="100" ind1=" " ind2=" ">
    <subfield code="a">&#x648; &#x633;&#x64A;&#x645; &#x641;&#x631; &#x62D;&#x62A; </subfield>
  </datafield>
  <datafield tag="245" ind1=" " ind2=" ">
    <subfield code="a">&#x627; &#x631; &#x62F; &#x648; &#x64A;&#x648; &#x62C;&#x6CC; &#x633;&#x6CC;  &#x627; &#x67E;&#x631; &#x648; &#x648; &#x688; </subfield>
    <subfield code="c">&#x648; &#x633;&#x64A;&#x645; &#x641;&#x631; &#x62D;&#x62A; </subfield>
  </datafield>
  <datafield tag="246" ind1=" " ind2=" ">
    <subfield code="a">Urdu UGC.Approved Journal (Urdu)</subfield>
    <subfield code="b">by Waseem Farhat</subfield>
  </datafield>
  <datafield tag="260" ind1=" " ind2=" ">
    <subfield code="a">Maharashtr</subfield>
    <subfield code="c">2021 &#x621;</subfield>
    <subfield code="b">Adabistan</subfield>
  </datafield>
  <datafield tag="270" ind1=" " ind2=" ">
    <subfield code="a">Post Box No. 55H.O.Amrawati </subfield>
    <subfield code="b">Maharashtra</subfield>
    <subfield code="e">444601</subfield>
    <subfield code="l">-</subfield>
  </datafield>
  <datafield tag="300" ind1=" " ind2=" ">
    <subfield code="a">160 &#x635; </subfield>
    <subfield code="c">22 Cm(Hb)</subfield>
  </datafield>
  <datafield tag="942" ind1=" " ind2=" ">
    <subfield code="2">ddc</subfield>
    <subfield code="c">UR</subfield>
    <subfield code="h">440</subfield>
    <subfield code="m">&#x648; &#x633; &#x6CC; </subfield>
  </datafield>
  <datafield tag="952" ind1=" " ind2=" ">
    <subfield code="0">0</subfield>
    <subfield code="1">0</subfield>
    <subfield code="4">0</subfield>
    <subfield code="7">0</subfield>
    <subfield code="8">NFIC</subfield>
    <subfield code="a">DBAD</subfield>
    <subfield code="b">DBAD</subfield>
    <subfield code="d">2021-04-29</subfield>
    <subfield code="e">DBAD/PUB</subfield>
    <subfield code="g">250.00</subfield>
    <subfield code="l">0</subfield>
    <subfield code="o">440 &#x648; &#x633; &#x6CC;</subfield>
    <subfield code="p">U-9662</subfield>
    <subfield code="r">2021-04-29 00:00:00</subfield>
    <subfield code="t">1</subfield>
    <subfield code="v">250.00</subfield>
    <subfield code="w">2021-04-29</subfield>
    <subfield code="y">UR</subfield>
  </datafield>
</record>
